Jung, Carl Gustav: Archetypy a kolektívne nevedomie I. a II. časť

Bibliographic Details
Main Author: Lajdová, Alica, 1950-2002 (Author)
Format: Article
Language:Slovak
ISSN:0231-6269
Subjects:

MARC

LEADER 00000nab a2200000 a 4500
001 vtls000687406
003 SK-MaSNL
005 20260304091913.0
008 250425c1998 xo 0 slo
015 |a SNBRB1999/03-06501 
035 |a CLN000039573 
035 |a urn:nbn:sk:snk-abbshx 
035 |a (urnnbn)urn:nbn:sk:snk:ar-004p6t 
035 |a (uuid)82b42332-99ef-4111-8bd5-6d5f91bd9db4 
040 |a SNKBUCL  |b slo  |c SNKBUCL  |e AACR2 
041 0 |a slo 
044 |a xo  |c SK 
080 |a 159.95(048)  |2 1997 
100 1 |a Lajdová, Alica,  |d 1950-2002  |4 aut  |9 158915 
245 1 0 |a Jung, Carl Gustav: Archetypy a kolektívne nevedomie I. a II. časť  |c Alica Lajdová 
650 0 7 |a kolektívne nevedomie  |2 snkbucl  |9 83209 
650 0 7 |a archetypy (psychológia)  |2 snkbucl  |9 84163 
655 7 |a články z novín a časopisov  |2 snkbucl  |9 267496 
655 7 |a štúdie  |2 snkbucl  |9 57033 
655 7 |a recenzie  |2 snkbucl  |9 21907 
773 0 |t Revue svetovej literatúry  |g Roč. 34, č. 4 (1998), s. 182-184  |x 0231-6269 
787 0 8 |i Rec.:  |a Jung, Carl Gustav, 1875-1961  |t Archetypy a kolektívne nevedomie. I.-II.  |d Košice : Knižná dielňa Timotej, 1998 
850 |a Slovenská národná knižnica 
852 |a Slovenská národná knižnica 
958 |a article15 
958 |a CH 
958 |a OND 
958 |a EUIPO 
992 |a RBX 
999 |c 2817331  |d 2819261